000 00870nam a2200217 a 4500
003 0
005 20250402141230.0
008 050810s19uu xx 00 eng d
050 _aPGS HV 6626.7
_b.T833 2005
100 _aTrinidad, Schuyler.
245 _aThe verbal abuse experiences of the grade six students of Southville International School and Colleges /
_cSchuyler Trinidad.
260 _aLas PiƱas City, Philippines :
_bSouthville International School and Colleges,
_c2005.
300 _a24 pages :
_billustrations ;
_c28 cm.
504 _aIncludes bibliographic references.
650 _aVerbal abuse in children.
650 _aEmotional abuse
_vEffects on students.
650 _aChild abuse
_vPsychological aspects.
650 _aBullying
_vVerbal abuse in schools.
650 _aSchool environment
_vVerbal mistreatment.
942 _2lcc
_cPASS
999 _c97434
_d97434